000 004400000a22001810004500
003 MACL
005 20150915142337.0
008 150915b xxu||||| |||| 00| 0 eng d
040 _aMACL
_cMACL
041 _aEnglish
082 _a823/MAN
100 _aManchanda, Rohit
_911164
245 _aIn The Light Of The Black Fun
260 _bPenguin Books
_c1996
_aNew Delhi
350 _a200
650 _aFiction
_911165
942 _cBK
_k823
_2ddc
999 _c1502
_d1502